CANCELLED! - Taylor Swift (All Lyrics) - Statistics

General Stats
  • This quiz has been taken 452 times
    338 since last reset
  • The average score is 317 of 386
Answer Stats
Lyrics % Correct
I
100%
(I
100%
a
99%
The
99%
the
99%
cancelled
98%
(Cancelled)
98%
my
98%
to
98%
You
98%
you
98%
and
97%
And
97%
friends
96%
like
96%
Like
96%
So
96%
in
95%
it
95%
it)
95%
Good
94%
good?
94%
good,
94%
good
94%
Gucci
94%
then
94%
thing
94%
we
94%
your
94%
know
93%
scandal
93%
sour
93%
they
93%
They
93%
too
93%
who
93%
are
92%
at
92%
At
92%
Did
91%
one
91%
matching
90%
scars
90%
with
90%
whiskey
89%
ones
88%
Where
88%
be
87%
me,
87%
me
87%
of
87%
that
87%
They're
87%
could
86%
could?
86%
It's
86%
it's
86%
poison
86%
exactly
85%
fun?
85%
much
85%
'em
84%
em
84%
flowers
83%
least
83%
close
82%
for
82%
man
82%
man,
82%
no,
82%
sun?
82%
Welcome
82%
girl
81%
underworld
81%
But
80%
Were
80%
We're
80%
boss
79%
catch
79%
you're
79%
having
78%
would
78%
her"
77%
joke
77%
only
77%
Or
77%
thought
77%
when
77%
love
76%
see
76%
by
75%
can't
75%
Can't
75%
first
75%
if
75%
okay,
75%
thorny
75%
dark
74%
everyone
74%
hand
74%
just
74%
make
74%
own
74%
Come
72%
gets
72%
got
72%
quite
72%
cloaked
71%
way
71%
attic
70%
far
70%
is
70%
bodies
69%
getting
69%
I'm
69%
never
69%
not
69%
off
69%
this
69%
better
68%
somebody's
68%
all
67%
course
67%
took
67%
was
67%
you'll
67%
caught
66%
easy
66%
fight?
66%
here
66%
Something
66%
art
64%
bring
64%
Everyone's
64%
Now
64%
now
64%
situation
64%
take
64%
tiny
64%
wicked
64%
company?
63%
fuckin'
63%
innocent
63%
knife
63%
popular
63%
violin
63%
Before
61%
learn
61%
loves
61%
more
61%
run
61%
soon
61%
stood
61%
comes
60%
infamy
60%
let's
60%
saved,
60%
Yeah,
60%
handle
59%
us,
59%
break
58%
ends
58%
glass
58%
heart
58%
out
58%
they'll
58%
tonight
58%
believed
57%
broken
57%
It'll
57%
lot
57%
sharp
57%
already
56%
grave
56%
we'll
56%
smug
55%
they'd
54%
Baby,
53%
picked
53%
shattered
53%
they've
53%
exoneration
51%
Beware
50%
ooh
48%
(Ooh)
48%
roster
48%
crusaders
47%
deaf
45%
hot,
45%
single
45%
"Tone
45%
click,
44%
prospers
44%
judgment,
43%
masked
43%
optics
42%
salute
42%
hearse
39%
wrath
39%
drop,
37%
(Honey)
17%
No matching quizzes found
Score Distribution
Percent of People with Each Score
Percentile by Number Answered
Your Score History
You have not taken this quiz since the last reset